000 00513nam a2200145Ia 4500
008 100415s9999 xx 000 0 und d
082 _b21961
_a598.295482
100 _aBaruah, A. D.
245 _aPoint Calimere Wildlife and Bird Sanctuary : a ramsar site
260 _aTAMIL NADU
_c2005
_bTamil Nadu Forest Department Publication
365 _b0
630 _aPoint Calimere Wildlife and Bird Sanctuary : a ramsar site
730 _aPoint Calimere Wildlife and Bird Sanctuary : a ramsar site
942 _cBOOK
999 _c604843
_d604840